000 00934nam a2200277Ia 4500
003 OSt
005 20220923211215.0
006 a|||||r|||| 00| 0
007 ta
008 220922b |||||||| |||| 00| 0 hin d
020 _a9788126330126 (hbk)
_c350
024 _a284,554
037 _b30, 14/03/2015, P. K. Books
_cTextual
040 _aARTS
_cARTS
_bhin
041 _2hin
_ahin
082 _aO152,1N11x, Q1;Q4.6
100 _aअज्ञेय
_9159647
245 0 _aअज्ञेय रचनावली
246 _aAjnyeya rachanāvalī
250 _a2संस्करण
260 _aनयी दिल्ली
_b भारतीय ज्ञानपीठ
_c2014
490 _vखंड 6
650 _aहिन्दी साहित्य
_9156264
942 _hO152,1N11x, Q1;Q4.6
_cTEXL
_2CC
999 _c296879
_d296879